01070nam a2200277Ia 4500001001200000003000800012006001900020007001500039008004100054020001500095040002100110035002000131050002900151082001800180100002300198245008900221260005600310300002600366500002000392533015200412650003300564650002300597655002900620710001700649856012600666ebr10086999CaPaEBRm u cr cn|||||||||050512s2005 maua s 001 0 eng d z1592007333 aCaPaEBRcCaPaEBR a(OCoLC)6242515014aQA76.76.C672bF56 2005eb04a794.815262221 aFinney, Kenneth C.10aAdvanced 3D game programming all in oneh[electronic resource] /cKenneth C. Finney. aBoston, MA :bThomson Course Technology PTR,c2005. axviii, 592 p. :bill. aIncludes index. aElectronic reproduction.bPalo Alto, Calif. :cebrary,d2009.nAvailable via World Wide Web.nAccess may be limited to ebrary affiliated libraries. 0aComputer gamesxProgramming. 0aComputer graphics. 7aElectronic books.2local2 aebrary, Inc.40uhttp://site.ebrary.com/lib/rucke/Doc?id=10086999zAn electronic book accessible through the World Wide Web; click to view